[Event "Iberoamerican-ch 8th"]
[Site "Mexico City"]
[Date "2022.02.13"]
[Round "2"]
[White "Macias Zamora, Jose Armando"]
[Black "Paredes Guzman, Francisco Javier"]
[Result "0-1"]
[WhiteElo "1488"]
[BlackElo "1891"]
[PlyCount "66"]
[EventDate "2022.02.12"]
[EventType "swiss"]
[EventRounds "9"]
[EventCountry "MEX"]
[SourceTitle "CBM 206 Extra"]
[Source "ChessBase"]
[SourceDate "2022.03.31"]
[SourceVersion "1"]
[SourceVersionDate "2022.03.31"]
[SourceQuality "1"]

1. e4 c5 2. Nf3 d6 3. d4 cxd4 4. Nxd4 Nf6 5. Nc3 a6 6. Rg1 e5 7. Nb3 Be6 8. g4 d5 9. exd5 Nxd5 10. Nxd5 Qxd5 11. Qxd5 Bxd5 12. Be3 Nc6 13. 0-0-0 Nb4 14. Kb1 Be4 15. Bd3 Nxd3 16. cxd3 Bf3 17. Rc1 Bd6 18. h3 0-0 19. d4 Rfd8 20. Nd2 Bd5 21. Nc4 exd4 22. Bxd4 Bh2 23. Rgd1 Bxc4 24. Rxc4 Be5 25. a4 b5 26. axb5 axb5 27. Rb4 Ra4 28. Rxa4 bxa4 29. Bxe5 Rxd1+ 30. Ka2 f6 31. Bg3 Rd3 32. Kb1 Kf7 33. Kc2 Rb3 0-1